000 00512nam a22001817a 4500
003 OSt
005 20140425105137.0
008 140425b xxu||||| |||| 00| 0 eng d
020 _a032440011X
050 _aHF 5635
_b.St854 2007
100 _aStice, James D.
245 _aIntermediate accounting /
_cJames D. Stice, Earl K. Stice, K. Fred Skousen.
250 _a16th ed.
260 _aAus :
_bThomson,
_cc2007.
300 _axxxii, 1323 p. :
_bcol. ill. ;
_c27 cm.
942 _2lcc
_cBK
999 _c115493
_d115493